000 00601cam a22002052 4500
001 0000009548
005 20151217152057.0
008 081109s xx 000 0 eng d
020 _a9966846048 :
_cKES 600
040 _aKABU
_cKABU
100 1 _aBhalla, R. S.
_@0000153416
245 1 0 _aConcepts of jurisprudence /
_cR. S. Bhalla.
260 _aNairobi :
_bNairobi University Press,
_c1990.
300 _ax, 188 p.
650 0 _aJurisprudence.
_@0000153282
908 _a081109
950 _@1
999 _c7966
_d7966